Breve panorama de la literatura española / (Record no. 21297)

MARC details
000 -LEADER
campo de control de longitud fija 00709nam a2200205 i 4500
001 - NÚMERO DE CONTROL
campo de control 21297
003 - IDENTIFICADOR DE NÚMERO DE CONTROL
campo de control ES-MaACL
005 - FECHA Y HORA DE LA ÚLTIMA TRANSACCIÓN
campo de control 20231111062523.0
007 - CAMPO FIJO DE DESCRIPCIÓN FÍSICA--INFORMACIÓN GENERAL
campo de control de longitud fija t|
008 - DATOS DE LONGITUD FIJA--INFORMACIÓN GENERAL
campo de control de longitud fija 021122s1968 sp |||| | spa d
100 1# - ENTRADA PRINCIPAL--NOMBRE DE PERSONA
Nombre de persona Adams, Nicholson B.
9 (RLIN) 18398
245 10 - MENCIÓN DEL TÍTULO
Título Breve panorama de la literatura española /
Mención de responsabilidad, etc. por Nicholson B. Adams y John E. Keller ; traducción de Antonio Llorente Maldonado de Guevara.
260 ## - PUBLICACIÓN, DISTRIBUCIÓN, ETC.
Lugar de publicación, distribución, etc. Madrid :
Nombre del editor, distribuidor, etc. Castalia,
Fecha de publicación, distribución, etc. 1968.
300 ## - DESCRIPCIÓN FÍSICA
Extensión 5 h., 259 p. ;
Dimensiones 20 cm.
650 #4 - PUNTO DE ACCESO ADICIONAL DE MATERIA--TÉRMINO DE MATERIA
Término de materia o nombre geográfico como elemento de entrada Literatura española-
Subdivisión general Historia y crítica
9 (RLIN) 14560
700 1# - ENTRADA AGREGADA--NOMBRE PERSONAL
Nombre de persona Keller, John E.
9 (RLIN) 67768
700 1# - ENTRADA AGREGADA--NOMBRE PERSONAL
Nombre de persona Llorente Maldonado de Guevara, Antonio.
9 (RLIN) 72913
852 ## - LOCALIZACIÓN
Ubicación ES-MaACL
Número de control de estantería L-6153
Holdings
Estatus retirado Estado de pérdida Estado de daño No para préstamo Biblioteca de origen Biblioteca actual Ubicación en estantería Fecha de adquisición Fuente de adquisición Total de préstamos Signatura topográfica completa Código de barras Visto por última vez Precio de reemplazo Tipo de ítem Koha
        Biblioteca del Ateneo de Madrid Biblioteca del Ateneo de Madrid Depósito 2 17/01/2008     L-6153 1021880 23/02/2023 23/02/2023 Libro impreso